[Event "Trondheim CC-ch B"]
[Site "Trondheim"]
[Date "2020.03.09"]
[Round "7"]
[White "Oi, Truls Helge"]
[Black "Brurok, Magnus Bogen"]
[Result "1-0"]
[WhiteElo "1407"]
[BlackElo "1451"]
[PlyCount "61"]
[EventDate "2020.01.20"]
[EventType "tourn"]
[EventRounds "9"]
[EventCountry "NOR"]
[SourceTitle "EXT 2024"]
[Source "ChessBase"]
[SourceDate "2023.10.10"]
[SourceVersion "1"]
[SourceVersionDate "2023.10.10"]
[SourceQuality "1"]

1. e4 e6 2. d4 d5 3. exd5 exd5 4. c4 Nf6 5. Bd3 dxc4 6. Bxc4 Be7 7. Ne2 0-0 8. 0-0 Bg4 9. f3 Bf5 10. Ng3 Bg6 11. f4 Bxb1 12. Rxb1 Qd7 13. Be3 Ng4 14. Qf3 Nxe3 15. Qxe3 Nc6 16. Rbd1 Bf6 17. d5 Na5 18. Bd3 Qa4 19. Nh5 Bxb2 20. Qg3 g6 21. f5 Kh8 22. f6 Qd4+ 23. Kh1 Qe5 24. Nf4 Qd6 25. Qh3 Rg8 26. Rf3 Bxf6 27. Rdf1 Rae8 28. Nxg6+ Rxg6 29. Rxf6 Qxd5 30. Rxf7 h5 31. Bxg6 1-0